Bí mật về tám vị tổng thống Trung Quốc : Sách tham khảo. t.II /

Saved in:
Bibliographic Details
Other Authors: Trần Khang (Dịch)
Format: Book (Paper)
Language:Vietnamese
Published: H. : Chính trị Quốc gia, 2002
Tags: Add Tag
No Tags, Be the first to tag this record!
Institutions: Thư viện Trường Đại học Đà Lạt
LEADER 00731nam a2200265 4500
001 DLU030024877
005 ##20030728
008 ##030728t vn z000 vie d
040 # # |a DLU  |b vie 
041 # # |a vie 
044 # # |a vn 
082 # # |a 951.009 2  |b VU-M 
245 # # |a Bí mật về tám vị tổng thống Trung Quốc :  |b Sách tham khảo.  |n t.II /  |c Vương Hiểu Minh chủ biên ; Trần Khang dịch 
260 # # |a H. :  |b Chính trị Quốc gia,  |c 2002 
300 # # |a 765 tr. ;  |c 20 cm 
700 # # |a Trần Khang  |e Dịch 
992 # # |a 73000 
994 # # |a DLU 
900 # # |a True 
911 # # |a Nguyễn An Thanh 
925 # # |a G 
926 # # |a A 
927 # # |a SH 
980 # # |a Thư viện Trường Đại học Đà Lạt